00623cam a22002051 4500001001300000003000400013005001700017008004100034010001700075035002000092040002100112042001200133050001500145100001900160245010300179260008400282300002000366650001400386999001700400he 68003442 DLC20260227111505.0840119s1965 is 000 0 heb  ahe 68003442  a(OCoLC)19152467 aDLCcMHdCUdDLC apremarc00aBM194b.B51 aBlau, Avraham.10aPeraḳim be-toldot Yiśraʼel :byeme ha-haśkalah ṿeha-emantsipatsyah /cme-et Avraham Bloi. aBene Beraḳ :bSeminar le-morot ule-gananot Or ha-ḥayim,c726 [1965 or 1966] a72 p. ;c24 cm. 0aHaskalah. c33880d33880